00306nam a22001217a 4500003000400000082001800004100001900022245005300041260004400094300000800138650001900146653001900165SGT a617.692bC21G aGupta, Swapnil aA Clinical study to evaluate the crestel bone... aGurugram, HaryanabSGT Universityc2021 a100 aProsthodontics aProsthodontics